000 00892nam a2200229 a 4500
001 41583
003 BD-RjUL
005 20211209053421.0
008 160602s1962 i ||||| |||| 00| 0 ben d
020 _c: IRs. 4.00
035 _a(BD-RjUL)41701
040 _aBD-RjUL
_bben
_cBD-RjUL
_dBD-RjUL
041 _aben
082 _223
_a891.4414
_bBAS 1962
100 _aবসু, সোমেন্দ্রনাথ
_9127762
245 1 0 _aসূর্যসনাথ রবীন্দ্রনাথ /
_cসোমেন্দ্রনাথ বসু
260 _aকলিকাতা :
_bবুকল্যান্ড,
_c১৯৬২ (১৩৬৯)
300 _a[১০], ১২৪ পৃ. ;
_c২৩ সেমি.
600 _aঠাকুর, রবীন্দ্রনাথ
_d১৮৬১-১৯৪১
_9127765
600 _aTagore, Rabindranath
_d1861-1941
_9127766
942 _2ddc
_cBK
999 _c41583
_d41583